Geometry / (Record no. 8474)

MARC details
000 -LEADER
fixed length control field 00663cam a2200241 a 4500
001 - CONTROL NUMBER
control field 13055820
003 - CONTROL NUMBER IDENTIFIER
control field OSt
005 - DATE AND TIME OF LATEST TRANSACTION
control field 20240614121441.0
008 - FIXED-LENGTH DATA ELEMENTS--GENERAL INFORMATION
fixed length control field 030113s2003 nyuab 001 0 eng
010 ## - LIBRARY OF CONGRESS CONTROL NUMBER
LC control number 2003100442
020 ## - INTERNATIONAL STANDARD BOOK NUMBER
International Standard Book Number 0716743612
035 ## - SYSTEM CONTROL NUMBER
System control number (DLC) 2003100442
040 ## - CATALOGING SOURCE
Original cataloging agency DDC
Transcribing agency MUST
082 00 - DEWEY DECIMAL CLASSIFICATION NUMBER
Classification number 516 JAC 2003
Edition number 22
100 1# - MAIN ENTRY--PERSONAL NAME
Personal name Jacobs, Harold R.
9 (RLIN) 5324
245 10 - TITLE STATEMENT
Title Geometry /
Remainder of title seeing, doing, understanding
250 ## - EDITION STATEMENT
Edition statement 3rd ed.
260 ## - PUBLICATION, DISTRIBUTION, ETC. (IMPRINT)
Place of publication, distribution, etc. New York :
Name of publisher, distributor, etc. W.H. Freeman and Co.,
Date of publication, distribution, etc. c2003.
300 ## - PHYSICAL DESCRIPTION
Extent xv, 780 p. :
Other physical details ill. (some col.), col. maps ;
Dimensions 26 cm.
504 ## - BIBLIOGRAPHY, ETC. NOTE
Bibliography, etc Includes index.
650 #0 - SUBJECT ADDED ENTRY--TOPICAL TERM
Topical term or geographic name as entry element Geometry.
9 (RLIN) 12062
942 ## - ADDED ENTRY ELEMENTS (KOHA)
Source of classification or shelving scheme Dewey Decimal Classification
Koha item type Open Shelf
Holdings
Withdrawn status Lost status Source of classification or shelving scheme Damaged status Not for loan Home library Current library Source of acquisition Inventory number Total Checkouts Full call number Barcode Date last seen Koha item type
    Other/Generic Classification Scheme     MUST Main Library MUST Main Library Donation 07/28716   516 JAC 2003 2024-20523 14/06/2024 Open Shelf